00792nam a2200217 a 450000100060000000300080000600500170001400800410003103500190007204000270009104100080011808200300012610000260015624500470018226001210022930000390035050400510038965100440044065100440048471000460052842081BD-RjUL20211209053505.0160609s1966 enkab b 001 0 eng  a(BD-RjUL)42199 aDLCcWSUdBD-RjULbeng aeng a301.2942068219bAUB 19661 aAustin, Dennisd1922-10aBritain and South Africa /cDennis Austin. aLondon :bIssued under the auspices of the Royal Institute of International Affairs, Oxford University Press,c1966. ax, 191 p. :bmap, tables ;c23 cm. aIncludes bibliographical references and index. 0aGreat BritainxRelationszSouth Africa. 0aSouth AfricaxRelationszGreat Britain.2 aRoyal Institute of International Affairs.